Optimalizácia alokácie kapitálu do zásob maloobchodnej spoločnosti diplomová práca

Gespeichert in:
Bibliographische Detailangaben
1. Verfasser: Badinka, Róbert
Körperschaft: Fakulta podnikového manažmentu EU. Katedra podnikových financií
Weitere Verfasser: Tóthová, Alena, 1968-
Format: Buch
Sprache:Slowakisch
Veröffentlicht: Bratislava 2022
Tags: Tag hinzufügen
Keine Tags, Fügen Sie das erste Tag hinzu!

MARC

LEADER 00000nbm a2200000 4500
001 0285306
005 20230223150319.7
041 0 |a slo 
044 |a SK 
245 1 0 |a Optimalizácia alokácie kapitálu do zásob maloobchodnej spoločnosti  |b diplomová práca  |c Róbert Badinka ; školiteľ: Alena Tóthová 
264 1 |a Bratislava  |c 2022 
300 |a 71 s. 
100 1 |a Badinka, Róbert 
700 1 |a Tóthová, Alena, 1968- 
710 2 |a Fakulta podnikového manažmentu EU. Katedra podnikových financií